[Event "RUS-ch Blitz Men 2018"]
[Site "Sochi"]
[Date "2018.10.07"]
[Round "8"]
[White "Remizov, Yaroslav"]
[Black "Sadovsky, Artem"]
[Result "0-1"]
[WhiteElo "2315"]
[BlackElo "2408"]
[Annotator "NA"]
[PlyCount "129"]
[EventDate "2018.10.07"]
[EventType "swiss"]
[EventCountry "RUS"]
[SourceTitle "playchess.com"]
[Source "ChessBase"]
[SourceQuality "1"]

1. e4 g6 2. d4 Bg7 3. Nf3 d6 4. Nc3 e5 5. Be2 Nc6 6. Be3 Bg4 7. dxe5 dxe5 8. Qxd8+ Rxd8 9. Nd5 Rd7 10. Bb5 Bxf3 11. gxf3 a5 12. Rd1 Nge7 13. Nxe7 Rxd1+ 14. Kxd1 Kxe7 15. Bxc6 bxc6 16. Ke2 Rb8 17. b3 a4 18. b4 Ke6 19. c3 Bf8 20. Kd3 c5 21. a3 cxb4 22. axb4 c5 23. bxc5 Kd7 24. Ra1 Ra8 25. Kc4 Kc6 26. Kb4 Rb8+ 27. Kc4 Ra8 28. Ra3 f5 29. exf5 gxf5 30. f4 e4 31. Kb4 Rb8+ 32. Kc4 Ra8 33. Kb4 Bg7 34. Rxa4 Bxc3+ 35. Kb3 Rxa4 36. Kxa4 Bf6 37. Kb4 Bb2 38. Kc4 Ba3 39. h3 h5 40. Bd4 Bc1 41. Be3 Ba3 42. Bd4 Bc1 43. Be3 Ba3 44. Bd2 Bxc5 45. Be3 Bd6 46. Kd4 Bc7 47. Kc4 Ba5 48. Kd4 Kd6 49. Kc4 Ke6 50. Bc1 Bb6 51. Be3 Bc7 52. Kc5 Bd6+ 53. Kc6 Bb4 54. Kc7 Be1 55. Kd8 Bb4 56. Ke8 Be7 57. Bd4 Bd6 58. Kd8 Bxf4 59. Ke8 Bd6 60. Be3 f4 61. Bc1 Kf5 62. Kf7 Bc5 63. Bxf4 Kxf4 64. Kg6 h4 65. Kh5 0-1

[Event "RUS-ch Blitz Men 2018"]
[Site "Sochi"]
[Date "2018.10.07"]
[Round "8"]
[White "Savitskiy, Sergey"]
[Black "Sarana, Alexey"]
[Result "1/2-1/2"]
[WhiteElo "2283"]
[BlackElo "2641"]
[Annotator "TA"]
[PlyCount "83"]
[EventDate "2018.10.07"]
[EventType "swiss"]
[EventCountry "RUS"]
[SourceTitle "playchess.com"]
[Source "ChessBase"]
[SourceQuality "1"]

1. e4 c5 2. Nf3 d6 3. d4 cxd4 4. Nxd4 Nf6 5. Nc3 a6 6. Bg5 e6 7. f4 Qb6 8. Qd2 Qxb2 9. Rb1 Qa3 10. Be2 Nbd7 11. O-O Be7 12. f5 e5 13. Ne6 fxe6 14. fxe6 Nc5 15. Rxf6 gxf6 16. Bh5+ Kd8 17. Bxf6 Nxe6 18. Bxh8 Nf4 19. Bxe5 Nxh5 20. Rb3 Qc5+ 21. Bd4 Qg5 22. Be3 Qg7 23. Nd5 Qa1+ 24. Kf2 Qh1 25. Bg5 Qxh2 26. Bxe7+ Ke8 27. Qg5 Be6 28. Rxb7 Bxd5 29. exd5 Qf4+ 30. Qxf4 Nxf4 31. c4 Rc8 32. Bxd6 Rxc4 33. Bxf4 Rxf4+ 34. Ke3 Ra4 35. Rxh7 Rxa2 36. g4 Ra4 37. g5 Rg4 38. Rg7 a5 39. Kf3 Rd4 40. Ra7 Rxd5 41. Kf4 Kf8 42. Ke4 1/2-1/2

[Event "RUS-ch Blitz Men 2018"]
[Site "Sochi"]
[Date "2018.10.07"]
[Round "8"]
[White "Rjabzev, Konstantin"]
[Black "Shcherbakov, Ruslan"]
[Result "0-1"]
[WhiteElo "2265"]
[BlackElo "2516"]
[Annotator "TA"]
[PlyCount "64"]
[EventDate "2018.10.07"]
[EventType "swiss"]
[EventCountry "RUS"]
[SourceTitle "playchess.com"]
[Source "ChessBase"]
[SourceQuality "1"]

1. e4 c5 2. Nf3 Nc6 3. Bb5 g6 4. O-O Bg7 5. Re1 e5 6. Bxc6 dxc6 7. h3 Qe7 8. d3 Nf6 9. Be3 O-O 10. Nc3 Nd7 11. a3 Re8 12. Rb1 a5 13. Qd2 a4 14. Bh6 Bh8 15. Ne2 Nf8 16. Ng3 Ne6 17. h4 Qd6 18. h5 Bd7 19. hxg6 hxg6 20. Be3 Nd4 21. Bxd4 cxd4 22. Qh6 Bg7 23. Qh4 f6 24. Nd2 Kf7 25. Nc4 Qc7 26. Ne2 Rh8 27. Qg3 b5 28. Nd2 Bh6 29. Nf3 Bf4 30. Nxe5+ fxe5 31. Nxf4 exf4 32. Qg5 Rh5 0-1

[Event "RUS-ch Blitz Men 2018"]
[Site "Sochi"]
[Date "2018.10.07"]
[Round "9"]
[White "Artemiev, Vladislav"]
[Black "Oparin, Grigoriy"]
[Result "1-0"]
[WhiteElo "2706"]
[BlackElo "2624"]
[Annotator "TA"]
[PlyCount "71"]
[EventDate "2018.10.07"]
[EventType "swiss"]
[EventCountry "RUS"]
[SourceTitle "playchess.com"]
[Source "ChessBase"]
[SourceQuality "1"]

1. e4 e5 2. Nf3 Nc6 3. Nc3 Nf6 4. Bb5 Nd4 5. Bc4 Bc5 6. d3 d6 7. h3 h6 8. Nxd4 Bxd4 9. Qf3 Qe7 10. Ne2 Bb6 11. Ng3 c6 12. O-O g6 13. c3 Be6 14. Bb3 Nd7 15. Be3 h5 16. d4 Bxb3 17. axb3 Kf8 18. Rad1 Kg7 19. Rfe1 Rae8 20. Re2 Qf6 21. dxe5 Qxf3 22. gxf3 Nxe5 23. f4 Nf3+ 24. Kg2 Nh4+ 25. Kf1 Re6 26. Bxb6 axb6 27. Red2 Rd8 28. f5 gxf5 29. exf5 Re5 30. Rxd6 Rxd6 31. Rxd6 Nxf5 32. Nxh5+ Kf8 33. Rd7 Rb5 34. b4 c5 35. Rd5 Ne7 36. Rd8# 1-0

[Event "RUS-ch Blitz Men 2018"]
[Site "Sochi"]
[Date "2018.10.07"]
[Round "9"]
[White "Matlakov, Maxim"]
[Black "Rakhmanov, Aleksandr"]
[Result "1-0"]
[WhiteElo "2683"]
[BlackElo "2634"]
[Annotator "TA"]
[PlyCount "90"]
[EventDate "2018.10.07"]
[EventType "swiss"]
[EventCountry "RUS"]
[SourceTitle "playchess.com"]
[Source "ChessBase"]
[SourceQuality "1"]

1. d4 Nf6 2. Bf4 g6 3. Nc3 d5 4. e3 Bg7 5. h4 h5 6. Nf3 c6 7. Ne5 Nbd7 8. Be2 Ne4 9. Nxe4 dxe4 10. Nxd7 Bxd7 11. Qd2 Be6 12. c4 Qd7 13. O-O O-O 14. Rfd1 Bg4 15. Bg3 Rfd8 16. b4 Qf5 17. a4 a6 18. Rab1 Rd7 19. Bxg4 hxg4 20. Qc2 Bf6 21. b5 axb5 22. cxb5 Rc8 23. a5 Rd5 24. bxc6 Rxc6 25. Qb3 Rxa5 26. Qxb7 Rc2 27. Rdc1 Raa2 28. Rxc2 Rxc2 29. Qa8+ Rc8 30. Qb7 Kg7 31. Rb5 Rc1+ 32. Kh2 Qc8 33. Qxe4 Qc4 34. Rc5 Qf1 35. Rxc1 Qxc1 36. Qxg4 Kf8 37. Qh5 Qc2 38. Qh6+ Ke8 39. Qh5 Kf8 40. Qg4 Qd3 41. Bf4 Qc2 42. Bh6+ Kg8 43. Bf4 Kh7 44. Bg5 Bxg5 45. Qxg5 e6 1-0

[Event "RUS-ch Blitz Men 2018"]
[Site "Sochi"]
[Date "2018.10.07"]
[Round "9"]
[White "Demchenko, Anton"]
[Black "Kobalia, Mikhail"]
[Result "1-0"]
[WhiteElo "2679"]
[BlackElo "2620"]
[Annotator "TA"]
[PlyCount "75"]
[EventDate "2018.10.07"]
[EventType "swiss"]
[EventCountry "RUS"]
[SourceTitle "playchess.com"]
[Source "ChessBase"]
[SourceQuality "1"]

1. e4 c5 2. Nf3 e6 3. g3 Nc6 4. Bg2 Nf6 5. Qe2 d6 6. O-O Be7 7. c3 e5 8. d3 O-O 9. Na3 Re8 10. Nc4 Bf8 11. Bg5 h6 12. Bxf6 Qxf6 13. Ne3 Qd8 14. Nd2 g6 15. f4 exf4 16. gxf4 Bg7 17. Qf2 Kh7 18. Kh1 Rb8 19. Rad1 b5 20. e5 Bb7 21. Ne4 dxe5 22. f5 Ba8 23. Qg3 Qc7 24. Qh4 Kg8 25. Nd5 Qd8 26. Ndf6+ Kh8 27. fxg6 fxg6 28. Qg4 Bxf6 29. Nxf6 Ne7 30. Nxe8 Qxe8 31. Bxa8 Rxa8 32. Qe6 Nf5 33. Qf6+ Kh7 34. Rde1 Qd7 35. Qxe5 Rd8 36. Qxc5 Rg8 37. Rxf5 Qxf5 38. Re7+ 1-0

[Event "RUS-ch Blitz Men 2018"]
[Site "Sochi"]
[Date "2018.10.07"]
[Round "9"]
[White "Morozevich, Alexander"]
[Black "Indzhiev, Aldar"]
[Result "1-0"]
[WhiteElo "2656"]
[BlackElo "2218"]
[Annotator "TA"]
[PlyCount "33"]
[EventDate "2018.10.07"]
[EventType "swiss"]
[EventCountry "RUS"]
[SourceTitle "playchess.com"]
[Source "ChessBase"]
[SourceQuality "1"]

1. e4 c5 2. Nf3 d6 3. Bc4 Nf6 4. d3 g6 5. e5 dxe5 6. Nxe5 e6 7. Qf3 Nbd7 8. Bb5 Bg7 9. Bg5 h6 10. Nxd7 Bxd7 11. Bxd7+ Kxd7 12. Be3 Qc7 13. Nc3 a6 14. O-O-O Qc6 15. Ne4 Nxe4 16. Qxf7+ Kc8 17. Qxg7 1-0

[Event "RUS-ch Blitz Men 2018"]
[Site "Sochi"]
[Date "2018.10.07"]
[Round "9"]
[White "Sjugirov, Sanan"]
[Black "Esipenko, Andrey"]
[Result "1/2-1/2"]
[WhiteElo "2654"]
[BlackElo "2609"]
[Annotator "TA"]
[PlyCount "92"]
[EventDate "2018.10.07"]
[EventType "swiss"]
[EventCountry "RUS"]
[SourceTitle "playchess.com"]
[Source "ChessBase"]
[SourceQuality "1"]

1. e4 c6 2. d4 d5 3. Nc3 dxe4 4. Nxe4 Bf5 5. Ng3 Bg6 6. Nf3 e6 7. Bd3 Bxd3 8. Qxd3 Nf6 9. O-O Be7 10. Bf4 O-O 11. Rad1 Nbd7 12. c4 a5 13. Rfe1 a4 14. Qc2 Re8 15. Ne5 Qb6 16. a3 Qa6 17. Nxd7 Nxd7 18. Ne4 Rad8 19. Bc7 Rc8 20. Bd6 Nb6 21. Bxe7 Rxe7 22. c5 Nd5 23. Rd3 Qa5 24. Red1 Rd8 25. Rh3 Nf4 26. Nf6+ Kf8 27. Rxh7 Ng6 28. h4 Rxd4 29. h5 Rxd1+ 30. Qxd1 gxf6 31. hxg6 Kg8 32. gxf7+ Rxf7 33. Rh3 Rg7 34. Rd3 Qxc5 35. Rd8+ Kh7 36. Qd3+ Qf5 37. Qxf5+ exf5 38. Rd4 Re7 39. Rxa4 Re2 40. Rb4 b5 41. b3 Rb2 42. a4 bxa4 43. Rxa4 Rxb3 44. Rc4 Rb6 45. Rc5 Kg6 46. g3 f4 1/2-1/2

[Event "RUS-ch Blitz Men 2018"]
[Site "Sochi"]
[Date "2018.10.07"]
[Round "9"]
[White "Riazantsev, Alexander"]
[Black "Kryakvin, Dmitry"]
[Result "1/2-1/2"]
[WhiteElo "2649"]
[BlackElo "2595"]
[Annotator "TA"]
[PlyCount "92"]
[EventDate "2018.10.07"]
[EventType "swiss"]
[EventCountry "RUS"]
[SourceTitle "playchess.com"]
[Source "ChessBase"]
[SourceQuality "1"]

1. d4 d5 2. Nf3 Nf6 3. c4 c6 4. Nc3 dxc4 5. a4 a5 6. e3 Bg4 7. Bxc4 e6 8. h3 Bh5 9. g4 Bg6 10. Ne5 Nbd7 11. Nxg6 hxg6 12. Bf1 Bb4 13. Bg2 Qe7 14. O-O O-O 15. f4 Rfd8 16. Qe2 Nd5 17. Bd2 c5 18. Bxd5 Bxc3 19. Bxb7 Rab8 20. Bxc3 Rxb7 21. Bxa5 Ra8 22. Bc3 cxd4 23. Bxd4 Nc5 24. Ra3 Nb3 25. Bc3 Rc8 26. Ra2 Qc5 27. a5 Ra8 28. Rd1 Rba7 29. Qd3 Qc7 30. Qd6 Qxd6 31. Rxd6 Nxa5 32. Rxa5 Rxa5 33. Bxa5 Rxa5 34. Rd8+ Kh7 35. g5 e5 36. Rb8 exf4 37. exf4 f6 38. h4 fxg5 39. hxg5 Ra1+ 40. Kf2 Rf1+ 41. Ke2 Rxf4 42. Rb5 Kg8 43. b4 Kf7 44. Rb7+ Ke6 45. Rxg7 Rxb4 46. Rxg6+ Kf5 1/2-1/2

[Event "RUS-ch Blitz Men 2018"]
[Site "Sochi"]
[Date "2018.10.07"]
[Round "9"]
[White "Sarana, Alexey"]
[Black "Kabanov, Nikolai"]
[Result "1-0"]
[WhiteElo "2641"]
[BlackElo "2481"]
[Annotator "TA"]
[PlyCount "57"]
[EventDate "2018.10.07"]
[EventType "swiss"]
[EventCountry "RUS"]
[SourceTitle "playchess.com"]
[Source "ChessBase"]
[SourceQuality "1"]

1. d4 Nf6 2. c4 g6 3. Nc3 Bg7 4. e4 d6 5. Nf3 O-O 6. Be2 e5 7. Be3 Qe8 8. d5 Ng4 9. Bc1 f5 10. exf5 gxf5 11. O-O Na6 12. Ng5 Qg6 13. h3 Nf6 14. f4 e4 15. Be3 h6 16. Ne6 Bxe6 17. dxe6 Rae8 18. Qb3 b6 19. Nd5 Kh8 20. Qa3 Nc5 21. Nxc7 Re7 22. Nd5 Rxe6 23. Qxa7 Nfd7 24. b4 Bxa1 25. bxc5 Rg8 26. g4 Bg7 27. Qxd7 bxc5 28. Kh1 Bd4 29. Qa7 1-0

[Event "RUS-ch Blitz Men 2018"]
[Site "Sochi"]
[Date "2018.10.07"]
[Round "9"]
[White "Paravyan, David"]
[Black "Yuffa, Daniil"]
[Result "1-0"]
[WhiteElo "2629"]
[BlackElo "2563"]
[Annotator "TA"]
[PlyCount "147"]
[EventDate "2018.10.07"]
[EventType "swiss"]
[EventCountry "RUS"]
[SourceTitle "playchess.com"]
[Source "ChessBase"]
[SourceQuality "1"]

1. e4 Nf6 2. Nc3 d5 3. e5 Ne4 4. Nce2 f6 5. d3 Ng5 6. Ng3 Nf7 7. exf6 exf6 8. d4 Bd6 9. Nf3 O-O 10. Bd3 Re8+ 11. Be3 Bf4 12. Qd2 Bxe3 13. fxe3 c5 14. dxc5 Qc7 15. b4 b6 16. cxb6 Qxb6 17. Nd4 Nc6 18. O-O Nxd4 19. exd4 Qxd4+ 20. Kh1 Qh4 21. Bb5 Rd8 22. Rae1 Ne5 23. Be2 Be6 24. Rf4 Qg5 25. Ref1 Rac8 26. Qd1 Ng6 27. Rd4 Ne5 28. Ne4 Qe3 29. Nc5 Bf7 30. Ba6 Rc7 31. Bb7 h6 32. h3 Re7 33. Bxd5 Bxd5 34. Rxd5 Rde8 35. Qd2 Qg3 36. Qf4 Qc3 37. Qd2 Qc4 38. Rd1 Qxa2 39. Rd8 Qf7 40. Kh2 Rxd8 41. Qxd8+ Re8 42. Qd5 Rb8 43. c3 Qxd5 44. Rxd5 Kf7 45. Rd6 Rc8 46. Ra6 Rc7 47. Kg3 Nc4 48. Kf4 Nb6 49. Ke4 h5 50. Kd4 g5 51. b5 f5 52. Ra1 Re7 53. c4 g4 54. hxg4 hxg4 55. Rc1 Kg6 56. g3 Kg5 57. Ra1 Rh7 58. Nd3 Rd7+ 59. Kc3 Rc7 60. c5 Nd5+ 61. Kd4 Nf6 62. c6 Ne4 63. Nf4 Rc8 64. Rxa7 Nxg3 65. Nd5 f4 66. Rg7+ Kf5 67. Rf7+ Kg5 68. Rg7+ Kf5 69. Ne7+ Kf6 70. Nxc8 Kxg7 71. Nd6 f3 72. Ke3 Nf1+ 73. Kf2 Nd2 74. c7 1-0

[Event "RUS-ch Blitz Men 2018"]
[Site "Sochi"]
[Date "2018.10.07"]
[Round "9"]
[White "Antipov, Mikhail Al."]
[Black "Chizhikov, Vladislav"]
[Result "1-0"]
[WhiteElo "2593"]
[BlackElo "2304"]
[Annotator "TA"]
[PlyCount "42"]
[EventDate "2018.10.07"]
[EventType "swiss"]
[EventCountry "RUS"]
[SourceTitle "playchess.com"]
[Source "ChessBase"]
[SourceQuality "1"]

1. e4 e6 2. d4 d5 3. Nc3 Bb4 4. e5 Ne7 5. a3 Bxc3+ 6. bxc3 c5 7. Qg4 Qc7 8. Bd2 Nf5 9. Bd3 h5 10. Qf4 cxd4 11. cxd4 Nc6 12. Nf3 Na5 13. O-O Nc4 14. Bc1 h4 15. a4 Bd7 16. Bxf5 g5 17. Nxg5 O-O-O 18. Bd3 Rdf8 19. Qf6 h3 20. Nxh3 Rhg8 21. Ng5 Qd8 1-0

[Event "RUS-ch Blitz Men 2018"]
[Site "Sochi"]
[Date "2018.10.07"]
[Round "9"]
[White "Maletin, Pavel"]
[Black "Triapishko, Alexandr"]
[Result "1/2-1/2"]
[WhiteElo "2586"]
[BlackElo "2508"]
[Annotator "RC"]
[PlyCount "76"]
[EventDate "2018.10.07"]
[EventType "swiss"]
[EventCountry "RUS"]
[SourceTitle "playchess.com"]
[Source "ChessBase"]
[SourceQuality "1"]

1. c4 Nf6 2. g3 g6 3. Bg2 Bg7 4. Nc3 e5 5. Nf3 d6 6. d4 exd4 7. Nxd4 O-O 8. O-O c6 9. e4 Na6 10. h3 Re8 11. Be3 Nc5 12. Qc2 a5 13. Rad1 Nfd7 14. b3 Qe7 15. Rfe1 Nb6 16. f4 a4 17. Bf2 axb3 18. axb3 Nbd7 19. b4 Ne6 20. Nf3 Ra3 21. Nb1 Ra1 22. Qb3 h5 23. Kh2 g5 24. Be3 h4 25. fxg5 hxg3+ 26. Kxg3 Ne5 27. Nbd2 Rxd1 28. Rxd1 b5 29. cxb5 cxb5 30. h4 Bb7 31. Nxe5 Bxe5+ 32. Kf2 Nf4 33. Bf3 Nh3+ 34. Kg2 Nf4+ 35. Kf2 Nh3+ 36. Kg2 Nf4+ 37. Kf2 Nh3+ 38. Kg2 Nf4+ 1/2-1/2

[Event "RUS-ch Blitz Men 2018"]
[Site "Sochi"]
[Date "2018.10.07"]
[Round "9"]
[White "Bocharov, Ivan"]
[Black "Alekseenko, Kirill"]
[Result "1/2-1/2"]
[WhiteElo "2563"]
[BlackElo "2639"]
[Annotator "TA"]
[PlyCount "77"]
[EventDate "2018.10.07"]
[EventType "swiss"]
[EventCountry "RUS"]
[SourceTitle "playchess.com"]
[Source "ChessBase"]
[SourceQuality "1"]

1. e4 c5 2. Nf3 Nc6 3. d4 cxd4 4. Nxd4 Nf6 5. Nc3 d6 6. Bg5 e6 7. Qd2 a6 8. O-O-O Bd7 9. f4 b5 10. e5 dxe5 11. Nxc6 Bxc6 12. Qxd8+ Rxd8 13. Rxd8+ Kxd8 14. fxe5 h6 15. Bh4 g5 16. Bg3 Nd7 17. a4 b4 18. Nd1 a5 19. Ne3 Bxa4 20. Nc4 Bg7 21. Nxa5 Nxe5 22. Be2 Ke7 23. Bf2 Rc8 24. b3 Bd7 25. Rd1 Ng6 26. g3 Bc3 27. Nb7 Ra8 28. Bc5+ Kf6 29. Bd4+ Ne5 30. Bxc3 bxc3 31. Kb1 Bc6 32. Nc5 g4 33. Nd3 Rd8 34. Rf1+ Nf3 35. h3 h5 36. Ne1 Ke5 37. Nxf3+ gxf3 38. Bxf3 Bb5 39. Re1+ 1/2-1/2

[Event "RUS-ch Blitz Men 2018"]
[Site "Sochi"]
[Date "2018.10.07"]
[Round "9"]
[White "Savchenko, Boris"]
[Black "Timofeev, Artyom"]
[Result "1-0"]
[WhiteElo "2562"]
[BlackElo "2580"]
[Annotator "TA"]
[PlyCount "46"]
[EventDate "2018.10.07"]
[EventType "swiss"]
[EventCountry "RUS"]
[SourceTitle "playchess.com"]
[Source "ChessBase"]
[SourceQuality "1"]

1. e4 e6 2. d4 d5 3. Nc3 dxe4 4. Nxe4 Nd7 5. Nf3 Ngf6 6. Nxf6+ Nxf6 7. Bd3 c5 8. Qe2 cxd4 9. Bd2 Qd5 10. c4 Qd8 11. O-O-O Be7 12. g4 a6 13. Kb1 Nd7 14. Bc2 Qb6 15. Bc1 Bc5 16. g5 a5 17. h4 Qc7 18. Nxd4 Qe5 19. Be3 Bxd4 20. Rxd4 Nc5 21. Rhd1 Bd7 22. Qd2 Qc7 23. Rd6 Ba4 1-0

[Event "RUS-ch Blitz Men 2018"]
[Site "Sochi"]
[Date "2018.10.07"]
[Round "9"]
[White "Sviridov, Valery"]
[Black "Slavin, Alexey"]
[Result "1/2-1/2"]
[WhiteElo "2551"]
[BlackElo "2256"]
[Annotator "TA"]
[PlyCount "75"]
[EventDate "2018.10.07"]
[EventType "swiss"]
[EventCountry "RUS"]
[SourceTitle "playchess.com"]
[Source "ChessBase"]
[SourceQuality "1"]

1. Nf3 c5 2. g3 Nc6 3. Bg2 g6 4. O-O Bg7 5. c4 e5 6. Nc3 Nge7 7. Ne1 O-O 8. Nc2 d6 9. Rb1 a5 10. a3 Bd7 11. b4 axb4 12. axb4 cxb4 13. Nxb4 Nxb4 14. Rxb4 Bc6 15. Nd5 Ra5 16. Qb3 Qd7 17. d3 Nxd5 18. cxd5 Bb5 19. Bd2 Ba6 20. Rxb7 Qxb7 21. Qxb7 Bxb7 22. Bxa5 Ra8 23. Bc7 Bf8 24. Rb1 Bc8 25. h4 Ra7 26. Bb8 Rb7 27. Rxb7 Bxb7 28. Kf1 f5 29. e4 Kf7 30. Bh3 Kf6 31. Bc7 Be7 32. Bb6 Ba6 33. f3 Bxd3+ 34. Kf2 fxe4 35. Ke3 Bb1 36. fxe4 h5 37. Kf3 g5 38. hxg5+ 1/2-1/2

[Event "RUS-ch Blitz Men 2018"]
[Site "Sochi"]
[Date "2018.10.07"]
[Round "9"]
[White "Lobanov, Sergei"]
[Black "Gordievsky, Dmitry"]
[Result "1/2-1/2"]
[WhiteElo "2539"]
[BlackElo "2615"]
[Annotator "TA"]
[PlyCount "43"]
[EventDate "2018.10.07"]
[EventType "swiss"]
[EventCountry "RUS"]
[SourceTitle "playchess.com"]
[Source "ChessBase"]
[SourceQuality "1"]

1. e4 c5 2. Nf3 g6 3. d4 cxd4 4. Nxd4 Nc6 5. c4 Nf6 6. Nc3 Nxd4 7. Qxd4 d6 8. Be2 Bg7 9. Be3 O-O 10. Qd2 a5 11. O-O a4 12. f3 Qa5 13. Rac1 Be6 14. Nd5 Qxd2 15. Bxd2 Nxd5 16. cxd5 Bd4+ 17. Kh1 Bd7 18. Rc2 Rfc8 19. Rfc1 Rxc2 20. Rxc2 Rc8 21. Rxc8+ Bxc8 22. Bb5 1/2-1/2

[Event "RUS-ch Blitz Men 2018"]
[Site "Sochi"]
[Date "2018.10.07"]
[Round "9"]
[White "Sychev, Klementy"]
[Black "Murzin, Volodar"]
[Result "1-0"]
[WhiteElo "2534"]
[BlackElo "2340"]
[Annotator "TA"]
[PlyCount "53"]
[EventDate "2018.10.07"]
[EventType "swiss"]
[EventCountry "RUS"]
[SourceTitle "playchess.com"]
[Source "ChessBase"]
[SourceQuality "1"]

1. e4 c5 2. Nf3 d6 3. Nc3 Nc6 4. d4 cxd4 5. Nxd4 Nf6 6. Bg5 e6 7. Bb5 Bd7 8. Bxc6 bxc6 9. Qf3 c5 10. Nb3 Be7 11. O-O-O Rc8 12. e5 dxe5 13. Bxf6 gxf6 14. Ne4 f5 15. Nd6+ Bxd6 16. Rxd6 Qg5+ 17. Kb1 Qf4 18. Qb7 O-O 19. Rxd7 c4 20. Rxf7 Qh6 21. Rxf8+ Qxf8 22. Nc1 c3 23. Qd7 Kh8 24. Qxe6 e4 25. Qe5+ Kg8 26. Rd1 Qb4 27. Qe6+ 1-0

[Event "RUS-ch Blitz Men 2018"]
[Site "Sochi"]
[Date "2018.10.07"]
[Round "9"]
[White "Potapov, Pavel"]
[Black "Rozum, Ivan"]
[Result "1/2-1/2"]
[WhiteElo "2515"]
[BlackElo "2573"]
[Annotator "TA"]
[PlyCount "80"]
[EventDate "2018.10.07"]
[EventType "swiss"]
[EventCountry "RUS"]
[SourceTitle "playchess.com"]
[Source "ChessBase"]
[SourceQuality "1"]

1. e4 d6 2. d4 Nf6 3. Nc3 g6 4. f4 Bg7 5. Nf3 c5 6. dxc5 Qa5 7. Qd4 Nc6 8. Qc4 O-O 9. Qb5 Qc7 10. cxd6 exd6 11. Bd3 a6 12. Qg5 Qb6 13. Qg3 Re8 14. Qf2 Qxf2+ 15. Kxf2 b5 16. Re1 Bb7 17. a3 Na5 18. h3 Rac8 19. e5 dxe5 20. Nxe5 Nd5 21. Nxd5 Bxd5 22. Bd2 Nb7 23. Bb4 Red8 24. Rad1 g5 25. fxg5 a5 26. Be7 Re8 27. Bf6 Nd6 28. Ng4 Be4 29. c3 Bxd3 30. Rxd3 Ne4+ 31. Kf1 Bf8 32. Rde3 Nd2+ 33. Ke2 Nc4 34. Rxe8 Rxe8+ 35. Kf1 Rxe1+ 36. Kxe1 Nxb2 37. Kd2 Nc4+ 38. Kc2 Nxa3+ 39. Kb2 Nc4+ 40. Ka2 Bg7 1/2-1/2

[Event "RUS-ch Blitz Men 2018"]
[Site "Sochi"]
[Date "2018.10.07"]
[Round "9"]
[White "Demidov, Mikhail"]
[Black "Grachev, Boris"]
[Result "0-1"]
[WhiteElo "2514"]
[BlackElo "2626"]
[Annotator "TA"]
[PlyCount "72"]
[EventDate "2018.10.07"]
[EventType "swiss"]
[EventCountry "RUS"]
[SourceTitle "playchess.com"]
[Source "ChessBase"]
[SourceQuality "1"]

1. Nf3 d5 2. g3 Bf5 3. Bg2 e6 4. O-O c6 5. d3 h6 6. c4 Nf6 7. cxd5 exd5 8. Qb3 Qb6 9. Qc2 Be7 10. Nc3 O-O 11. e4 dxe4 12. dxe4 Bh7 13. Be3 Qa6 14. Rfe1 Nbd7 15. Nd4 Ng4 16. Bf4 Nge5 17. Rad1 Rad8 18. Nf5 Bxf5 19. exf5 Bf6 20. Ne4 Rfe8 21. b3 Qa5 22. Re2 Nf8 23. Nxf6+ gxf6 24. Bxh6 Rxd1+ 25. Qxd1 Rd8 26. Rd2 Rxd2 27. Qxd2 Qc5 28. h3 Ned7 29. Be3 Qxf5 30. Bxa7 Ne5 31. Qe2 Ne6 32. Be3 c5 33. Bxb7 Nd4 34. Qd1 Qd7 35. Bg2 Kg7 36. Qe1 Ndf3+ 0-1

[Event "RUS-ch Blitz Men 2018"]
[Site "Sochi"]
[Date "2018.10.07"]
[Round "9"]
[White "Gabrielian, Artur"]
[Black "Moiseenko, Vadim"]
[Result "0-1"]
[WhiteElo "2499"]
[BlackElo "2492"]
[Annotator "TA"]
[PlyCount "83"]
[EventDate "2018.10.07"]
[EventType "swiss"]
[EventCountry "RUS"]
[SourceTitle "playchess.com"]
[Source "ChessBase"]
[SourceQuality "1"]

1. e4 e5 2. Nf3 Nc6 3. Bc4 Nf6 4. d3 h6 5. c3 d6 6. O-O g5 7. Re1 Bd7 8. b4 a6 9. a4 g4 10. Nfd2 h5 11. Nf1 Ne7 12. d4 Ng6 13. Bg5 Bh6 14. Bxh6 Rxh6 15. Nbd2 Qe7 16. Ne3 Nf4 17. Nf5 Bxf5 18. exf5 Kf8 19. Bf1 Re8 20. dxe5 dxe5 21. Nc4 Qd7 22. Nxe5 Qxf5 23. Nc4 Rxe1 24. Qxe1 N6d5 25. Ne3 Nxe3 26. Qxe3 Rf6 27. Rd1 Kg7 28. g3 Ne6 29. Bg2 Qc2 30. Rf1 c6 31. a5 Qf5 32. Rd1 Ng5 33. c4 h4 34. gxh4 Ne6 35. Re1 Nf4 36. Bf1 Ng6 37. Qg3 Qh5 38. b5 Nxh4 39. Bg2 Nxg2 40. Qxg2 axb5 41. cxb5 Qxb5 42. Kh1 0-1

[Event "RUS-ch Blitz Men 2018"]
[Site "Sochi"]
[Date "2018.10.07"]
[Round "9"]
[White "Chekhov, Sergei"]
[Black "Khanin, Semen"]
[Result "0-1"]
[WhiteElo "2463"]
[BlackElo "2510"]
[Annotator "TA"]
[PlyCount "54"]
[EventDate "2018.10.07"]
[EventType "swiss"]
[EventCountry "RUS"]
[SourceTitle "playchess.com"]
[Source "ChessBase"]
[SourceQuality "1"]

1. e4 e5 2. f4 d5 3. exd5 exf4 4. Nf3 Nf6 5. Bb5+ c6 6. dxc6 Nxc6 7. d4 Bd6 8. O-O O-O 9. c4 Bg4 10. Nc3 Bc7 11. Bxc6 bxc6 12. Ne2 Re8 13. h3 Be6 14. b3 Nh5 15. Ne5 f6 16. Nxc6 Qd7 17. d5 Bxh3 18. Nxf4 Bg4 19. Qc2 Ng3 20. Bb2 Bxf4 21. Rxf4 Ne2+ 22. Kh2 Nxf4 23. Rf1 Ne2 24. Rf2 Qd6+ 25. Kh1 Ng3+ 26. Kh2 Ne4+ 27. Be5 Rxe5 0-1

[Event "RUS-ch Blitz Men 2018"]
[Site "Sochi"]
[Date "2018.10.07"]
[Round "9"]
[White "Belyakov, Bogdan"]
[Black "Pridorozhni, Aleksei"]
[Result "0-1"]
[WhiteElo "2458"]
[BlackElo "2574"]
[Annotator "ChessBase"]
[PlyCount "80"]
[EventDate "2018.10.07"]
[EventType "swiss"]
[EventCountry "RUS"]
[SourceTitle "playchess.com"]
[Source "ChessBase"]
[SourceQuality "1"]

1. e4 c5 2. c3 e6 3. d4 d5 4. exd5 exd5 5. Nf3 Nc6 6. Bb5 Bd6 7. dxc5 Bxc5 8. O-O Nge7 9. h3 O-O 10. Nbd2 Bb6 11. Nb3 Bf5 12. Bd3 Qd7 13. Bxf5 Qxf5 14. Nbd4 Qh5 15. Be3 Rad8 16. Re1 Rfe8 17. Nxc6 Nxc6 18. Bxb6 axb6 19. Qd3 Qg6 20. Qb5 Ne7 21. Nd4 Kf8 22. Re3 Nf5 23. Nxf5 Qxf5 24. Qb4+ Kg8 25. Qxb6 Qd7 26. Rae1 Rxe3 27. Rxe3 h6 28. Qb4 Qc6 29. Qd4 b5 30. Rg3 f6 31. Re3 Ra8 32. Re7 Qd6 33. Qe3 Rxa2 34. Re8+ Kf7 35. Qe1 Rxb2 36. Rc8 Qe5 37. Qa1 Re2 38. Qa7+ Kg6 39. g3 Re1+ 40. Kh2 Qe4 0-1

[Event "RUS-ch Blitz Men 2018"]
[Site "Sochi"]
[Date "2018.10.07"]
[Round "9"]
[White "Gutenev, Alexander"]
[Black "Vastrukhin, Oleg"]
[Result "0-1"]
[WhiteElo "2456"]
[BlackElo "2413"]
[Annotator "TA"]
[PlyCount "100"]
[EventDate "2018.10.07"]
[EventType "swiss"]
[EventCountry "RUS"]
[SourceTitle "playchess.com"]
[Source "ChessBase"]
[SourceQuality "1"]

1. e4 e6 2. d4 d5 3. Nc3 Bb4 4. e5 c5 5. a3 Bxc3+ 6. bxc3 Nc6 7. Qg4 g6 8. Bd3 Qa5 9. Bd2 c4 10. Be2 Bd7 11. Qf4 h6 12. h4 Nge7 13. g4 O-O-O 14. a4 Rdf8 15. h5 g5 16. Qg3 f6 17. exf6 Rxf6 18. Nf3 Rhf8 19. O-O Qc7 20. Ne5 Rf4 21. Bxf4 Rxf4 22. Nf3 Ng8 23. Ne1 Nf6 24. Ng2 Ne4 25. Qh2 Nxc3 26. Nxf4 Qxf4 27. Rfe1 Nxe2+ 28. Rxe2 Nxd4 29. Re3 Qxh2+ 30. Kxh2 Nxc2 31. Rc1 Nxe3 32. fxe3 Bxa4 33. Kg3 Kd7 34. Kf2 b5 35. Ke2 Ke7 36. Kd2 e5 37. Kc3 a5 38. Ra1 Kd6 39. Rf1 b4+ 40. Kb2 c3+ 41. Kb1 Ke7 42. Rf5 Ke6 43. Rf8 b3 44. Rh8 Bb5 45. Rxh6+ Kf7 46. Rh7+ Kg8 47. Rb7 Bd3+ 48. Kc1 b2+ 49. Rxb2 cxb2+ 50. Kxb2 Be2 0-1